| 000 | 01544nam0a22003251 4500 | ||
|---|---|---|---|
| 001 | rc\4129322 | ||
| 005 | 20130415174754.8 | ||
| 021 |
_aRU _b[48-7259] |
||
| 035 | _a(NLR Aleph) 008156659 | ||
| 090 |
_a7790091 _c7790091 |
||
| 100 | _a20130415d1947 |||y0rusy50 ca | ||
| 101 | 0 | _arus | |
| 102 | _aRU | ||
| 105 | _ay z ||||| | ||
| 200 | 1 |
_aСборник инструкций персонала котельного цеха _fПод общ. ред. инж. Н.М. Долговского _gМ-во электростанций СССР. Главуралэнерго - Челябэнерго. Челяб. ТЭЦ |
|
| 210 |
_a[Челябинск] _cЧеляб. ТЭЦ _d[1947] _g10-я тип. треста "Полиграфкнига" |
||
| 215 |
_a312 с. _d21 |
||
| 300 | _aНа 3-й с. сост.: Казаринов С.И., Кругляков Я.И., Первунинский Г.Ф. [и др.] | ||
| 606 |
_aТепловые электрические станции _xКотельные цехи _xЭксплуатация _2psbo |
||
| 606 |
_aКотельные установки _xЭксплуатация _2psbo |
||
| 702 | 1 |
_aКазаринов _bС. И. _4220 |
|
| 702 | 1 |
_aКругляков _bЯ. И. _4220 |
|
| 702 | 1 |
_aДолговский _bН. М. _4340 |
|
| 702 | 1 |
_aПервунянский _bГ. Ф. _4220 |
|
| 710 | 0 | 2 |
_aЧелябинская теплоэлектроцентраль _3RU\NLR\AUTH\889924074 |
| 801 | 0 |
_aRU _bNLR _gpsbo |
|
| 801 | 1 |
_aRU _bELAR _2rusmarc |
|
| 852 |
_aNLR _jТ14 Г-3/97 |
||
| 942 | _cBOOK | ||
| 980 | _aNB | ||